00686nam a22001937a 4500008004100000010001700041020002600058020002300084035001700107040001800124082001200142100001900154245010900173260004200282270006600324300002600390500005200416700002400468081216t xxu||||| |||| 00| 0 eng d aB-272040-047 a9788180693489c650.00 a8180693481c650.00 aB-272040-047 adplbEnglish  a378.175 aJalihal, K.A.  aFundamentals of extension education and management extension /cby K.A. Jalihal [and] V. Veerabhadraiah  aNew Delhi bConcept Publishing c2007 aA/15-16, Commercial Block, Mohan Garden, bNew Delhi e110059 axii, 312p.c22cm (Hb) aIncludes bibliographical references and index  aVeerabhadraiah, V.